|
|
|
|
| LEADER |
00000nam a2200000Ii 4500 |
| 001 |
DIGCOLMX0254 |
| 003 |
NyNyDIG |
| 007 |
cr ||||||||||| |
| 008 |
220125s2014 mx ob 000 0 spa d |
| 006 |
m o d |
| 035 |
|
|
|a (OCoLC)1319853964
|
| 040 |
|
|
|a DGITA
|b eng
|e rda
|e pn
|c DGITA
|
| 020 |
|
|
|a 9786074626681
|q eBook
|
| 020 |
|
|
|z 9786074624717
|
| 043 |
|
|
|a n-mx---
|
| 050 |
1 |
4 |
|a HN113 ebook
|
| 082 |
1 |
4 |
|a 306.0972
|
| 245 |
0 |
3 |
|a La sociedad novohispana :
|b estereotipos y realidades /
|c Solange Alberro, Pilar Gonzalbo Aizpuru.
|
| 250 |
|
|
|a Primera edición electrónica.
|
| 264 |
|
1 |
|a México, D.F. :
|b El Colegio de México,
|c 2014.
|
| 300 |
|
|
|a 1 online resource.
|
| 336 |
|
|
|a text
|b txt
|2 rdacontent
|
| 337 |
|
|
|a computer
|b c
|2 rdamedia
|
| 338 |
|
|
|a online resource
|b cr
|2 rdacarrier
|
| 347 |
|
|
|a text file
|2 rdaft
|
| 347 |
|
|
|b EPUB
|
| 500 |
|
|
|a "Centro de Estudios Históricos."
|
| 504 |
|
|
|a Includes bibliographical references.
|
| 505 |
0 |
|
|a La trampa de las castas / Pilar Gonzalbo Aizpuru -- Los indios y los otros: miradas cruzadas / Solange Alberro.
|
| 588 |
0 |
|
|a Online resource; title from ePub title page (Digitalia, viewed January 25, 2021)
|
| 651 |
|
0 |
|a Mexico
|x Social conditions
|y To 1810.
|
| 650 |
|
0 |
|a Caste
|z Mexico
|x History.
|
| 650 |
|
0 |
|a Indians of Mexico
|x Social conditions.
|
| 650 |
|
0 |
|a Indians of Mexico
|x Politics and government.
|
| 651 |
|
0 |
|a Mexico
|x Politics and government
|y 1540-1810.
|
| 655 |
|
0 |
|a Electronic books.
|
| 700 |
1 |
2 |
|i Container of (work):
|a Alberro, Solange.
|t Trampa de las castas.
|
| 700 |
1 |
2 |
|i Container of (work):
|a Gonzalbo, Pilar,
|d 1935-
|t Indios y los otros: miradas cruzadas.
|
| 791 |
2 |
|
|a Digitalia (Firm),
|e distributor.
|
| 793 |
0 |
|
|g Digitalia eBook Collection:
|a El Colegio de México
|
| 776 |
0 |
8 |
|i Print version:
|t Sociedad novohispana.
|b Primera edición.
|d México, D.F. : El Colegio de México, 2013
|z 9786074624717
|
| 856 |
4 |
0 |
|3 Digitalia Hispánica
|u https://www.digitaliapublishing.com/a/105614/
|
| 910 |
|
|
|a Premium collection: 2022
|